Come to the revaluation (Record no. 66614)

MARC details
000 -LEADER
fixed length control field 01200cam a2200229 4500
001 - CONTROL NUMBER
control field ABS63767
008 - FIXED-LENGTH DATA ELEMENTS--GENERAL INFORMATION
fixed length control field 000000n2001 000 0 eng u
035 ## - SYSTEM CONTROL NUMBER
System control number (Sirsi) u111795
100 ## - MAIN ENTRY--PERSONAL NAME
Personal name Tutcher, S.
245 ## - TITLE STATEMENT
Title Come to the revaluation
260 ## - PUBLICATION, DISTRIBUTION, ETC.
Date of publication, distribution, etc. 2001
490 ## - SERIES STATEMENT
Series statement Property Week
Volume/sequential designation 66(13) 30 March 2001, 78(1)
520 ## - SUMMARY, ETC.
Summary, etc. Looks at the Valuation Office Agency's (VOA) programming of rating appeals, and discusses whether the timetable is overly ambitious. Notes that the VOA is prepared to be flexible during the early stages of the programming, and may be willing to negotiate beyond the allotted settlement date. Notes its plans to adopt a very different approach to the next expected revaluation in April 2005. Highlights some concerns about the intention to conduct extensive advance consultation, in a bid to curtail the number of appeals. Also considers the issuing of certificates for assessments that have been reduced after 1 April 2000.
590 ## - LOCAL NOTE (RLIN)
Local note ABS
650 ## - SUBJECT ADDED ENTRY--TOPICAL TERM
Topical term or geographic name entry element RATING APPEALS
650 ## - SUBJECT ADDED ENTRY--TOPICAL TERM
Topical term or geographic name entry element RATING REVALUATION 2000
650 ## - SUBJECT ADDED ENTRY--TOPICAL TERM
Topical term or geographic name entry element VALUATION OFFICE AGENCY
650 ## - SUBJECT ADDED ENTRY--TOPICAL TERM
Topical term or geographic name entry element TIMETABLE
650 ## - SUBJECT ADDED ENTRY--TOPICAL TERM
Topical term or geographic name entry element CERTIFICATION
690 ## - LOCAL SUBJECT ADDED ENTRY--TOPICAL TERM (OCLC, RLIN)
Topical term or geographic name as entry element RATING AND LOCAL TAXATION
942 ## - ADDED ENTRY ELEMENTS (KOHA)
Suppress in OPAC 0
Holdings
Withdrawn status Lost status Source of classification or shelving scheme Damaged status Not for loan Home library Current library Shelving location Date acquired Total Checkouts Full call number Barcode Date last seen Copy number Price effective from Koha item type
    Dewey Decimal Classification     London London Journal article 03/04/2001   ABS63767 111795-1001 06/08/2019 1 06/08/2019 Journal article